000 00462cam a22001932a 4500
001 006466
003 AR-FADEU
008 311216n1969####xxu####################dd
092 _a303.484
_bC355
100 _aCastro, Jorge
245 _aPaternalismo y mundo nuevo
260 _aBuenos Aires
260 _bJorge Alvarez
260 _c1969
300 _a144 p
700 _aJorge, Bolivar
650 _aPATERNALISMO-CRISIS; CAMBIO SOCIAL
942 _cBDGR
999 _c12286
_d12286